Joueurs de Football avec Biographie. - Statistiques

Statistiques générales
  • Ce quiz a été pris 185 fois
  • Le résultat moyen est 12 sur 17
Statistiques - réponses
Nationalité Taille (cm) Rôle Première équipe Date de Naissance Répondre % Correct
France 178 Attaquant Monaco (20.12.1998) Kylian Mbappé
98%
Brésil 175 Attaquant Santos (05.02.1992) Neymar
98%
Argentine 170 Attaquant Newells Old Boys (24.06.1987) Lionel Messi
97%
France 185 Attaquant Lyon (19.12.1987) Karim Benzema
95%
Belgique 200 Gardien Genk (11.05.1992) Thibaut Courtois
90%
Pays-Bas 195 Défenseur Willem II (08.07.1991) Virgil van Dijk
86%
Uruguay 184 Attaquant Danubio (14.02.1987) Edinson Cavani
82%
Croatie 172 Milieu Zadar (09.09.1985) Luka Modric
76%
Espagne 180 Attaquant Barcelone (13.07.2007) Lamine Yamal
75%
Allemagne 177 Attaquant Nördlingen (03.11.1945) Gerd Muller
65%
Angleterre 171 Milieu Manchester City (28.05.2000) Phil Foden
64%
Italie 177 Milieu Brescia (19.05.1979) Andrea Pirlo
57%
Brésil 185 Milieu Sao Paulo (23.02.1992) Casemiro
46%
Belgique 173 Attaquant Beerschot VA (27.05.2002) Jérémy Doku
44%
France 186 Défenseur Valenciennes (27.10.1998) Dayot Upamecano
42%
Allemagne 177 Défenseur Stuttgart (08.02.1995) Joshua Kimmich
30%
Angleterre 175 Milieu Coventry (23.11.1996) James Maddison
8%
Aucun quiz correspondant
Distribution des résultats
% des personnes avec chaque résultat
Percentile par nombre de réponses
Votre historique - résultats
Vous n’avez pas pris ce quiz